000 01520cam a2200409 i 4500
003 EG-GICUC
005 20260215114528.0
008 810413r19811973nyu frb 001 0 eng d
020 _a0882770322
020 _a9780882770321
040 _aDLC
_cDLC
_dDLC
_dEG-GICUC
_beng
_erda
043 _an-us---
050 0 0 _aKZ1242.5
_b.C375 1981
082 0 0 _a341.0268
_221
092 0 4 _221
099 _aLaw 11 1981
245 0 0 _aCases and materials on the international legal system /
_cby Joseph Modeste Sweeney, Covey T. Oliver, Noyes E. Leech.
250 _a2nd edition.
264 _aMineola, N.Y. :
_bFoundation Press,
_c1981.
300 _axciii, 1371 pages ;
_c26 cm.
336 _atext
_2rdacontent
337 _aComputer
_2rdamedia
338 _aOnline Resource
_2rdacarrier
440 0 _aUniversity casebook series
500 _aPrevious ed. published in 1973 as: Cases and materials on the international legal system / by Noyes E. Leech, Covey T. Oliver, Joseph Modeste Sweeney.
500 _aKept up to date by documentary supplements.
500 _aIncludes index.
650 0 _aInternational law
_vCases.
_2
650 0 _aInternational and municipal law
_zUnited States
_vCases.
700 1 _aSweeney, Joseph M.
700 1 _aOliver, Covey T.,
_d1913-2007.
700 1 _aLeech, Noyes E.
700 1 _aLeech, Noyes E.
_tCases and materials on the international legal system.
856 4 0 _uhttps://fll.law.cu.edu.eg/fulltext/bks/ENGB11-00138.pdf
905 _a10
942 _2ddc
_cBK
_e21
_n0
999 _c63137
_d63137